[Event "ODJM A 2016"]
[Site "Willingen GER"]
[Date "2016.05.21"]
[Round "9"]
[White "Xu, Xianliang"]
[Black "Wenninger, Philipp"]
[Result "1-0"]
[Termination "normal"]
[Board "1"]
[WhiteTitle "FM"]
[WhiteElo "2273"]
[BlackElo "2352"]
[WhiteClock "00:36:25"]
[BlackClock "00:04:32"]
[PlyCount "75"]
[WhiteFideId "4603230"]
[BlackFideId "4648404"]
[EventCountry "GER"]
[EventRounds "9"]
[EventType "swiss"]
[EventDate "2016.05.14"]

1. e4 c6 2. d4 d5 3. exd5 cxd5 4. c4 Nf6 5. Nc3 Nc6 6. Nf3 Bg4 7. cxd5 Nxd5 8.
Qb3 Bxf3 9. gxf3 e6 10. Qxb7 Nxd4 11. Bb5+ Nxb5 12. Qc6+ Ke7 13. Qxb5 Qd7 14.
Nxd5+ Qxd5 15. Qa4 Rd8 16. Be3 f6 17. O-O Qxf3 18. Rfd1 Rxd1+ 19. Rxd1 Kf7 20.
Rd8 Kg6 21. Qe8+ Kf5 22. Qb5+ e5 23. Qd7+ Kg6 24. Qe8+ Kf5 25. h3 h5 26. Qf7 h4
27. Rxf8 Rxf8 28. Qxf8 Qd1+ 29. Kh2 g5 30. Qc8+ Kg6 31. Qg8+ Kf5 32. Qh7+ Ke6
33. Qxa7 f5 34. Qb6+ Kf7 35. Bxg5 Qf3 36. Qf6+ Kg8 37. Qe6+ Kh7 38. Qf7+ 1-0

[Event "ODJM A 2016"]
[Site "Willingen GER"]
[Date "2016.05.21"]
[Round "9"]
[White "Meißner, Felix"]
[Black "Meyer, Henrik"]
[Result "0-1"]
[Termination "normal"]
[Board "2"]
[WhiteTitle "FM"]
[WhiteElo "2287"]
[BlackElo "2068"]
[WhiteClock "00:09:52"]
[BlackClock "00:10:07"]
[PlyCount "116"]
[WhiteFideId "24671827"]
[BlackFideId "12958182"]
[EventCountry "GER"]
[EventRounds "9"]
[EventType "swiss"]
[EventDate "2016.05.14"]

1. e4 c5 2. Nf3 d6 3. d4 cxd4 4. Nxd4 Nf6 5. f3 e5 6. Bb5+ Nbd7 7. Nf5 d5 8.
exd5 a6 9. Bxd7+ Qxd7 10. Ne3 b5 11. O-O Bb7 12. Re1 Bc5 13. Kh1 O-O 14. Nc3
Bb6 15. Qd3 Rfe8 16. Bd2 Rad8 17. Rad1 Bd4 18. Ne4 Nxd5 19. Nxd5 Qxd5 20. Ng5
g6 21. Ne4 Qe6 22. Qa3 f6 23. Ba5 Rc8 24. c3 Bxe4 25. cxd4 Bc2 26. d5 Qd7 27.
Rd2 e4 28. fxe4 Bxe4 29. Red1 Re5 30. d6 Rg5 31. Qe3 Re8 32. Qb3+ Kh8 33. Qc3
Kg8 34. Rf1 Qb7 35. Qh3 Bf5 36. Qb3+ Kg7 37. Qd5 Qd7 38. Qf3 Re6 39. Rfd1 Bg4
40. Qd3 Bxd1 41. Rxd1 Qc6 42. Qf1 Rxd6 43. Re1 Re6 44. Rd1 Re4 45. Bc3 Re6 46.
h3 Rd5 47. Rc1 Qd6 48. Qf3 Rd3 49. Qf1 b4 50. Bxb4 Qd5 51. Rc7+ Kg8 52. Rc8+
Kf7 53. Kh2 Qe5+ 54. Kh1 Qd5 55. Kh2 Qd7 56. Rc2 a5 57. Qf4 g5 58. Qb8 Re8 0-1

[Event "ODJM A 2016"]
[Site "Willingen GER"]
[Date "2016.05.21"]
[Round "9"]
[White "Hebbering, Tom Elliot"]
[Black "Greßmann, Moritz"]
[Result "1/2-1/2"]
[Termination "normal"]
[Board "3"]
[WhiteElo "2189"]
[BlackElo "2206"]
[WhiteClock "00:04:44"]
[BlackClock "00:07:13"]
[PlyCount "68"]
[WhiteFideId "12901750"]
[BlackFideId "24695084"]
[EventCountry "GER"]
[EventRounds "9"]
[EventType "swiss"]
[EventDate "2016.05.14"]

1. d4 d5 2. c4 dxc4 3. Nf3 Nf6 4. e3 Bg4 5. Bxc4 e6 6. O-O a6 7. Bb3 Nc6 8. Nc3
Bd6 9. Ne2 h5 10. Bc2 h4 11. Ng5 Nd5 12. Ne4 h3 13. g3 Bf3 14. Nxd6+ cxd6 15.
Qd2 Qf6 16. Nc3 Ndb4 17. Bd1 Qf5 18. Re1 Bxd1 19. Qxd1 Nc2 20. e4 Qf6 21. Bg5
Qxg5 22. Qxc2 Nxd4 23. Qd3 Qf6 24. Re3 Rd8 25. Rd1 Nc6 26. f4 O-O 27. Qf1 d5
28. exd5 exd5 29. Nxd5 Qxb2 30. Red3 Rd6 31. Ne7+ Nxe7 32. Rxd6 Nf5 33. R6d2
Qb6+ 34. Qf2 Qg6 1/2-1/2

[Event "ODJM A 2016"]
[Site "Willingen GER"]
[Date "2016.05.21"]
[Round "9"]
[White "Wagner, Robert"]
[Black "Pluska, Alexander"]
[Result "1-0"]
[Termination "normal"]
[Board "6"]
[WhiteElo "2009"]
[BlackElo "2158"]
[WhiteClock "00:02:43"]
[BlackClock "00:01:12"]
[PlyCount "81"]
[WhiteFideId "24656879"]
[BlackFideId "12975141"]
[EventCountry "GER"]
[EventRounds "9"]
[EventType "swiss"]
[EventDate "2016.05.14"]

1. d4 Nf6 2. c4 g6 3. Nc3 Bg7 4. e4 d6 5. f3 a6 6. Be3 c6 7. a4 a5 8. Qd2 O-O
9. Bd3 Na6 10. Nge2 e5 11. d5 cxd5 12. cxd5 Nd7 13. O-O Ndc5 14. Nc1 f5 15. Ra3
f4 16. Bf2 g5 17. Bxa6 Nxa6 18. Nd3 Rf6 19. Nb5 Rh6 20. Rc1 b6 21. Nc7 Rb8 22.
Nxa6 Bxa6 23. Rc6 Qe8 24. Kh1 Qh5 25. Bg1 g4 26. fxg4 Qxg4 27. Ne1 Bf8 28. Rb3
Qg6 29. Rbxb6 Rxb6 30. Rxb6 Bf1 31. Qf2 Bc4 32. Qf3 Ba2 33. Qd3 Qe8 34. Qc2
Bxd5 35. exd5 e4 36. Rc6 Qe5 37. Rc4 e3 38. Qe4 Qxb2 39. Qxf4 Qd2 40. Rc8 Qxe1
41. Qxf8# 1-0

[Event "ODJM A 2016"]
[Site "Willingen GER"]
[Date "2016.05.21"]
[Round "9"]
[White "Wanner, Lukas"]
[Black "Syrov, Arkadi"]
[Result "0-1"]
[Termination "normal"]
[Board "7"]
[WhiteElo "2004"]
[BlackElo "2114"]
[WhiteClock "00:28:45"]
[BlackClock "00:19:15"]
[PlyCount "60"]
[WhiteFideId "12918148"]
[BlackFideId "12942448"]
[EventCountry "GER"]
[EventRounds "9"]
[EventType "swiss"]
[EventDate "2016.05.14"]

1. c4 Nf6 2. g3 Nc6 3. Bg2 e5 4. Nc3 Bb4 5. Nd5 Bc5 6. e3 O-O 7. Ne2 Nxd5 8.
cxd5 Ne7 9. O-O c6 10. Nc3 Bb4 11. b3 d6 12. dxc6 bxc6 13. Bb2 Ba6 14. Re1 f5
15. d4 e4 16. Bf1 Bxf1 17. Rxf1 Bxc3 18. Bxc3 Nd5 19. Qd2 Qg5 20. Bb4 f4 21.
exf4 Nxf4 22. Qe3 Nh3+ 23. Kg2 Qg4 24. f3 exf3+ 25. Rxf3 Ng5 26. Rxf8+ Rxf8 27.
Kh1 Qf5 28. g4 Qd5+ 29. Kg1 Nf3+ 30. Kf2 Nxd4+ 0-1

[Event "ODJM A 2016"]
[Site "Willingen GER"]
[Date "2016.05.21"]
[Round "9"]
[White "Udaykumar, Arunn Mark"]
[Black "Ciolek, Andreas"]
[Result "0-1"]
[Termination "normal"]
[Board "8"]
[WhiteElo "1724"]
[BlackElo "2102"]
[WhiteClock "00:18:45"]
[BlackClock "00:38:04"]
[PlyCount "48"]
[WhiteFideId "12965456"]
[BlackFideId "12906727"]
[EventCountry "GER"]
[EventRounds "9"]
[EventType "swiss"]
[EventDate "2016.05.14"]

1. h4 e5 2. h5 d5 3. e3 Nc6 4. Nc3 Be6 5. b3 Qd7 6. Bb2 O-O-O 7. Qe2 Nb4 8. Qd1
d4 9. exd4 exd4 10. Ne4 Qc6 11. Bd3 Nxd3+ 12. cxd3 f5 13. Rc1 Qe8 14. Qc2 c6
15. Kf1 fxe4 16. dxe4 Nf6 17. Nf3 d3 18. Qc3 Nxe4 19. Qa5 Kb8 20. b4 Rd5 21.
Qa4 Bg4 22. Bd4 Nxd2+ 23. Nxd2 Rxd4 24. Nb3 d2 0-1

[Event "ODJM A 2016"]
[Site "Willingen GER"]
[Date "2016.05.21"]
[Round "9"]
[White "Terhuven, Patrick"]
[Black "Ramien, David"]
[Result "1-0"]
[Termination "normal"]
[Board "9"]
[WhiteElo "2125"]
[BlackElo "2107"]
[PlyCount "115"]
[WhiteFideId "12919098"]
[BlackFideId "12948241"]
[EventCountry "GER"]
[EventRounds "9"]
[EventType "swiss"]
[EventDate "2016.05.14"]

1. d4 g6 2. Nf3 Bg7 3. c4 d6 4. Nc3 Nf6 5. e4 O-O 6. Be2 e5 7. O-O Nc6 8. d5
Ne7 9. Nd2 Ne8 10. b4 f5 11. c5 Nf6 12. f3 f4 13. Nc4 g5 14. a4 h5 15. Ba3 Ne8
16. b5 Rf6 17. a5 Rg6 18. b6 cxb6 19. cxd6 Nxd6 20. Nxd6 Rxd6 21. Bxd6 Qxd6 22.
Kh1 Bd7 23. Bb5 bxa5 24. Bxd7 Qxd7 25. Rxa5 Nc8 26. Qd3 Bf8 27. Rb1 b6 28. Ra2
Bc5 29. Nb5 Nd6 30. Nxd6 Qxd6 31. Qa6 Qd7 32. Rb5 Kg7 33. Rc2 Qc8 34. Qxc8 Rxc8
35. g3 Kf6 36. Kg2 Rc7 37. Kf1 Bd6 38. Rxc7 Bxc7 39. Ke2 Bd6 40. Kd3 Bc5 41.
Rb2 a5 42. Rg2 fxg3 43. hxg3 a4 44. Kc4 a3 45. Kb5 Bd4 46. Ra2 Bc5 47. Kc6 h4
48. gxh4 gxh4 49. d6 Kg5 50. d7 Be7 51. Rxa3 Kf4 52. Ra8 h3 53. d8=Q Bxd8 54.
Rxd8 Kxf3 55. Kd5 b5 56. Rh8 Kg2 57. Kxe5 h2 58. Kd4 1-0

[Event "ODJM A 2016"]
[Site "Willingen GER"]
[Date "2016.05.21"]
[Round "9"]
[White "Borchert, Louis"]
[Black "Reuker, Jari"]
[Result "1/2-1/2"]
[Termination "normal"]
[Board "10"]
[WhiteElo "1774"]
[BlackElo "2081"]
[PlyCount "104"]
[WhiteFideId "12990680"]
[BlackFideId "12909300"]
[EventCountry "GER"]
[EventRounds "9"]
[EventType "swiss"]
[EventDate "2016.05.14"]

1. e4 c5 2. c3 Nf6 3. e5 Nd5 4. d4 cxd4 5. Nf3 e6 6. cxd4 d6 7. a3 Bd7 8. Bd3
Bc6 9. O-O Nd7 10. b4 a6 11. Re1 Be7 12. Nbd2 dxe5 13. dxe5 Nf4 14. Bb1 Nb6 15.
Qb3 Rc8 16. Be4 Ba4 17. Qe3 Nbd5 18. Qd4 Nc3 19. Qxd8+ Rxd8 20. Bxb7 Nd3 21.
Bxa6 Nxe1 22. Nxe1 O-O 23. Nef3 Ra8 24. Bf1 Rfc8 25. Nc4 Nd5 26. Nd4 Rc7 27.
Ne3 Nxe3 28. Bxe3 Bd7 29. Rc1 Rxc1 30. Bxc1 f6 31. f4 Kf7 32. Kf2 Bd8 33. Nb5
Ke7 34. Nd6 Bc7 35. Nc4 fxe5 36. Nxe5 Bxe5 37. fxe5 Rc8 38. Bg5+ Kf7 39. Bd3 h6
40. Bd2 Ba4 41. Ke3 Ke7 42. Be4 Kd7 43. Kd4 Bb5 44. Ke3 Bc6 45. Bd3 Bxg2 46. a4
Bd5 47. Kd4 Kc7 48. b5 Kb7 49. a5 Bg2 50. Be3 Rd8+ 51. Kc3 Rxd3+ 52. Kxd3 Bf1+
1/2-1/2

[Event "ODJM A 2016"]
[Site "Willingen GER"]
[Date "2016.05.21"]
[Round "9"]
[White "Visvikis, Christos"]
[Black "Zahn, Benno"]
[Result "0-1"]
[Termination "normal"]
[Board "11"]
[WhiteElo "1894"]
[BlackElo "2106"]
[PlyCount "42"]
[WhiteFideId "12967955"]
[BlackFideId "24636070"]
[EventCountry "GER"]
[EventRounds "9"]
[EventType "swiss"]
[EventDate "2016.05.14"]

1. e4 c5 2. Nf3 e6 3. d4 cxd4 4. Nxd4 Nc6 5. Nc3 Qc7 6. Be3 a6 7. Qf3 Nf6 8.
O-O-O Be7 9. Be2 d6 10. Qg3 e5 11. Qxg7 Rf8 12. Nb3 Be6 13. Kb1 Rg8 14. Qh6 Rg6
15. Qh4 b5 16. f3 Ng4 17. Qxh7 Nxe3 18. Rd3 Nxg2 19. Bf1 Nf4 20. Re3 Nd4 21.
Bd3 Ng2 0-1

[Event "ODJM A 2016"]
[Site "Willingen GER"]
[Date "2016.05.21"]
[Round "9"]
[White "Dette, Jan"]
[Black "Marx, Joschka"]
[Result "1-0"]
[Termination "normal"]
[Board "12"]
[WhiteElo "2023"]
[BlackElo "2039"]
[PlyCount "61"]
[WhiteFideId "12936677"]
[BlackFideId "24645869"]
[EventCountry "GER"]
[EventRounds "9"]
[EventType "swiss"]
[EventDate "2016.05.14"]

1. f4 Nf6 2. Nf3 d6 3. Nc3 g6 4. e4 Bg7 5. Be2 O-O 6. O-O c5 7. d3 Nc6 8. Qe1
Nd4 9. Qh4 Nxc2 10. f5 Nd4 11. Bh6 Bxh6 12. Qxh6 e6 13. Ng5 Qe7 14. Rf4 Nxe2+
15. Nxe2 exf5 16. Rh4 Re8 17. Nxh7 Ng4 18. Rxg4 fxg4 19. Rf1 Bf5 20. Rxf5 gxf5
21. Nf6+ Qxf6 22. Qxf6 fxe4 23. dxe4 Rxe4 24. Ng3 Re1+ 25. Kf2 Re6 26. Qf4 Rae8
27. Nf5 g3+ 28. Qxg3+ Rg6 29. Qh4 f6 30. Nxd6 Rd8 31. Qc4+ 1-0

[Event "ODJM A 2016"]
[Site "Willingen GER"]
[Date "2016.05.21"]
[Round "9"]
[White "Behringer, Tom"]
[Black "Diller, Daniel"]
[Result "0-1"]
[Termination "normal"]
[Board "14"]
[WhiteElo "1774"]
[BlackElo "1903"]
[PlyCount "58"]
[WhiteFideId "16203496"]
[BlackFideId "12908983"]
[EventCountry "GER"]
[EventRounds "9"]
[EventType "swiss"]
[EventDate "2016.05.14"]

1. e4 e6 2. d4 d5 3. e5 c5 4. c3 Qb6 5. Nf3 Nc6 6. Bd3 cxd4 7. cxd4 Bd7 8. O-O
Nxd4 9. Nxd4 Qxd4 10. Nc3 a6 11. Qe2 Ne7 12. Kh1 Nc6 13. f4 Nb4 14. Bb1 Qc4 15.
Qf3 d4 16. Ne4 d3 17. Nd2 Qb5 18. a4 Qd5 19. Qxd5 exd5 20. Ra3 O-O-O 21. Nf3
Bf5 22. Ne1 Kb8 23. Bd2 Nc2 24. Ba5 Bxa3 25. Bxd8 Rxd8 26. bxa3 Nxe1 27. Rxe1
d2 28. Rd1 Bxb1 29. Rxb1 Rc8 0-1

[Event "ODJM A 2016"]
[Site "Willingen GER"]
[Date "2016.05.21"]
[Round "9"]
[White "Hartmann, Jakob"]
[Black "Kornitzky, Tino"]
[Result "1/2-1/2"]
[Termination "normal"]
[Board "15"]
[WhiteElo "1983"]
[BlackElo "1812"]
[PlyCount "68"]
[WhiteFideId "12918067"]
[BlackFideId "12970379"]
[EventCountry "GER"]
[EventRounds "9"]
[EventType "swiss"]
[EventDate "2016.05.14"]

1. e4 c5 2. Nf3 d6 3. d4 cxd4 4. Nxd4 Nf6 5. Nc3 g6 6. Be3 Bg7 7. f3 O-O 8. Qd2
Nc6 9. g4 Nxd4 10. Bxd4 Be6 11. h4 a6 12. h5 Qa5 13. a3 Rfc8 14. Bd3 Bc4 15.
hxg6 fxg6 16. O-O-O Bxd3 17. Qxd3 Rc6 18. Nd5 Nxd5 19. Bxg7 Kxg7 20. exd5 Rc7
21. Qd4+ Kg8 22. Rxh7 e5 23. dxe6 Rxh7 24. Qxd6 Qg5+ 25. f4 Qe7 26. Qd5 Re8 27.
f5 gxf5 28. gxf5 Rh5 29. Kb1 Qf6 30. Qxb7 Rxf5 31. Rg1+ Kf8 32. Qb4+ Qe7 33.
Qg4 Qh7 34. Qb4+ Qe7 1/2-1/2

[Event "ODJM A 2016"]
[Site "Willingen GER"]
[Date "2016.05.21"]
[Round "9"]
[White "Ortmeier, Leonhard"]
[Black "Bohlsen, Linus"]
[Result "0-1"]
[Termination "normal"]
[Board "17"]
[WhiteElo "1896"]
[BlackElo "2168"]
[PlyCount "86"]
[WhiteFideId "12993662"]
[BlackFideId "12958093"]
[EventCountry "GER"]
[EventRounds "9"]
[EventType "swiss"]
[EventDate "2016.05.14"]

1. e4 c5 2. Nf3 e6 3. d4 cxd4 4. Nxd4 a6 5. Bd3 Nf6 6. Qe2 d6 7. O-O Qc7 8. c4
g6 9. Be3 Bg7 10. Nc3 O-O 11. Rac1 Nbd7 12. f4 b6 13. b4 Bb7 14. Nb3 Rac8 15.
h3 Qb8 16. Rfd1 Rfe8 17. g4 Qa8 18. Bf2 d5 19. cxd5 Nxe4 20. Nxe4 Rxc1 21. Rxc1
exd5 22. Rc7 dxe4 23. Rxd7 exd3 24. Qxd3 Bc6 25. Rd6 Bf8 26. Rd4 Bh1 27. Qg3
Re7 28. h4 Re2 29. a4 Rb2 30. Rd3 Rb1+ 31. Kh2 Be4 32. Bg1 Bxd3 33. Qxd3 Rb2+
34. Nd2 Bxb4 35. Be3 Bc5 36. Qc3 Ra2 37. Bxc5 bxc5 38. Kg3 Qd5 39. Nf3 Rxa4 40.
Ne5 Rb4 41. Qe1 Qd4 42. Qc1 h6 43. Nc6 Rb3+ 0-1

[Event "ODJM A 2016"]
[Site "Willingen GER"]
[Date "2016.05.21"]
[Round "9"]
[White "Thumm, Felix"]
[Black "Beesk, Kevin"]
[Result "0-1"]
[Termination "normal"]
[Board "18"]
[WhiteElo "1939"]
[BlackElo "1961"]
[PlyCount "64"]
[WhiteFideId "12902209"]
[BlackFideId "1271882"]
[EventCountry "GER"]
[EventRounds "9"]
[EventType "swiss"]
[EventDate "2016.05.14"]

1. d4 Nf6 2. Nf3 c5 3. e3 g6 4. b3 cxd4 5. exd4 d5 6. Bb2 Bg7 7. Bd3 O-O 8. O-O
Nc6 9. a3 Ne4 10. Re1 Nc5 11. Bf1 Ne6 12. Ne5 Qb6 13. c3 Qc7 14. Nd3 Nf4 15.
Nxf4 Qxf4 16. Qd2 Qc7 17. Bd3 Bd7 18. a4 Rad8 19. Na3 a6 20. Rac1 Bc8 21. Nc2
Rfe8 22. Bf1 Na5 23. Na1 Bf5 24. Bd3 Bxd3 25. Qxd3 Qd6 26. Red1 f6 27. c4 dxc4
28. bxc4 b6 29. c5 bxc5 30. Rxc5 Qxc5 31. dxc5 Rxd3 32. Rxd3 Rb8 0-1

[Event "ODJM A 2016"]
[Site "Willingen GER"]
[Date "2016.05.21"]
[Round "9"]
[White "Grohmann, Alexander"]
[Black "Hesse, Henrik"]
[Result "1/2-1/2"]
[Termination "normal"]
[Board "19"]
[WhiteElo "1801"]
[BlackElo "1922"]
[PlyCount "53"]
[WhiteFideId "12947679"]
[BlackFideId "12952060"]
[EventCountry "GER"]
[EventRounds "9"]
[EventType "swiss"]
[EventDate "2016.05.14"]

1. d4 d5 2. c4 e6 3. cxd5 exd5 4. Nc3 Nf6 5. Bg5 c6 6. Qc2 Be7 7. e3 O-O 8. Bd3
h6 9. Bh4 Nbd7 10. Nf3 Re8 11. O-O Ne4 12. Bxe7 Qxe7 13. Rae1 Ndf6 14. Ne5 Nd7
15. Bxe4 dxe4 16. Qxe4 Nxe5 17. Qxe5 Qxe5 18. dxe5 Rxe5 19. Rd1 Bf5 20. Rd2 Re7
21. Rfd1 Kf8 22. Kf1 Rae8 23. Rd4 f6 24. Rd6 Re6 25. Rd7 R6e7 26. R7d6 Kf7 27.
h3 1/2-1/2

[Event "ODJM A 2016"]
[Site "Willingen GER"]
[Date "2016.05.21"]
[Round "9"]
[White "Weber, Jannis"]
[Black "Schimnatkowski, Lukas"]
[Result "0-1"]
[Termination "normal"]
[Board "20"]
[WhiteElo "1865"]
[BlackElo "1978"]
[PlyCount "92"]
[WhiteFideId "12990760"]
[BlackFideId "12936723"]
[EventCountry "GER"]
[EventRounds "9"]
[EventType "swiss"]
[EventDate "2016.05.14"]

1. e4 e6 2. d4 d5 3. Nc3 Nf6 4. Bg5 Bb4 5. e5 h6 6. exf6 hxg5 7. fxg7 Rg8 8.
Qh5 Qf6 9. O-O-O Bxc3 10. bxc3 Qxg7 11. h4 gxh4 12. Rxh4 Bd7 13. Nf3 Nc6 14.
Qh6 O-O-O 15. Qxg7 Rxg7 16. g3 Ne7 17. Bd3 a6 18. Rdh1 Bb5 19. Rh7 Rdg8 20. Ne5
f6 21. Rxg7 Rxg7 22. Rh8+ Rg8 23. Rxg8+ Nxg8 24. c4 dxc4 25. Bxc4 Bxc4 26. Nxc4
Kd7 27. Kd2 Ne7 28. Ne3 Kd6 29. Kd3 b5 30. g4 c5 31. f4 cxd4 32. Kxd4 Nc6+ 33.
Ke4 a5 34. g5 f5+ 35. Nxf5+ exf5+ 36. Kxf5 Ne7+ 37. Kf6 Nd5+ 38. Kf5 Ne3+ 39.
Kf6 Nxc2 40. g6 Ne3 41. g7 Nd5+ 42. Kf7 Ne7 43. Kf6 b4 44. f5 a4 45. Kg5 Ng8
46. Kg6 Ke7 0-1

[Event "ODJM A 2016"]
[Site "Willingen GER"]
[Date "2016.05.21"]
[Round "9"]
[White "Wachinger, Nikolas"]
[Black "Bosselmann, Tom Linus"]
[Result "0-1"]
[Termination "normal"]
[Board "21"]
[WhiteElo "1542"]
[BlackElo "1830"]
[PlyCount "52"]
[WhiteFideId "12962791"]
[BlackFideId "12983845"]
[EventCountry "GER"]
[EventRounds "9"]
[EventType "swiss"]
[EventDate "2016.05.14"]

1. e4 e5 2. Nf3 Nc6 3. Bb5 a6 4. Bxc6 dxc6 5. O-O Bg4 6. h3 Bxf3 7. Qxf3 Nf6 8.
d3 h6 9. Be3 Qd7 10. Nd2 O-O-O 11. Nc4 Qe6 12. Qg3 Bd6 13. f4 exf4 14. Nxd6+
cxd6 15. Qxf4 Rd7 16. Bd4 Ne8 17. a4 Rg8 18. b4 g5 19. Qf5 Nc7 20. Qh7 Rg6 21.
Rf6 Rxf6 22. Qh8+ Ne8 23. Bxf6 Qxf6 24. Qxe8+ Rd8 25. e5 dxe5 26. Rf1 Qxf1+ 0-1

[Event "ODJM A 2016"]
[Site "Willingen GER"]
[Date "2016.05.21"]
[Round "9"]
[White "Stemmler, Fabian"]
[Black "Lohrmann, Tabea"]
[Result "1-0"]
[Termination "normal"]
[Board "23"]
[WhiteElo "1935"]
[BlackElo "1649"]
[PlyCount "61"]
[WhiteFideId "12964808"]
[BlackFideId "12911941"]
[EventCountry "GER"]
[EventRounds "9"]
[EventType "swiss"]
[EventDate "2016.05.14"]

1. e4 e5 2. f4 exf4 3. Nf3 d5 4. exd5 Qxd5 5. Nc3 Qd8 6. d4 Nf6 7. Bxf4 Bb4 8.
Bc4 Nc6 9. O-O O-O 10. Nb5 Ba5 11. c3 a6 12. Na3 Bf5 13. Ne5 Bg6 14. Nxg6 hxg6
15. Qd3 Ne7 16. Bb3 Bb6 17. Nc4 Ba7 18. Ne5 Nfd5 19. Bd2 Nf5 20. Rxf5 gxf5 21.
Qxf5 g6 22. Nxg6 fxg6 23. Qxg6+ Kh8 24. Qh5+ Kg7 25. Bh6+ Kf6 26. Bg5+ Ke6 27.
Bxd8 Raxd8 28. Re1+ Kf6 29. Bxd5 c6 30. Re6+ Kg7 31. Rg6# 1-0

[Event "ODJM A 2016"]
[Site "Willingen GER"]
[Date "2016.05.21"]
[Round "9"]
[White "Fistoul, Boris"]
[Black "Zeuner, Ole"]
[Result "1-0"]
[Termination "normal"]
[Board "25"]
[WhiteElo "1876"]
[BlackElo "1567"]
[PlyCount "71"]
[WhiteFideId "12953962"]
[BlackFideId "12943576"]
[EventCountry "GER"]
[EventRounds "9"]
[EventType "swiss"]
[EventDate "2016.05.14"]

1. d4 Nf6 2. c4 c5 3. d5 b5 4. cxb5 a6 5. bxa6 g6 6. Nc3 Bxa6 7. e4 Bxf1 8.
Kxf1 d6 9. g3 Bg7 10. Kg2 O-O 11. f4 Nbd7 12. Nf3 Qc7 13. Re1 Rfb8 14. h3 e6
15. dxe6 fxe6 16. e5 dxe5 17. fxe5 Ne8 18. Qe2 Qc6 19. Kh2 Nc7 20. Bf4 Nb6 21.
Ne4 Ncd5 22. Rec1 Nd7 23. Neg5 h6 24. Ne4 g5 25. Bxg5 hxg5 26. Nfxg5 Nxe5 27.
Qh5 Rxb2+ 28. Kg1 Ne3 29. Qh7+ Kf8 30. Rf1+ Nxf1 31. Rxf1+ Ke8 32. Qg8+ Ke7 33.
Qxg7+ Kd8 34. Rf8+ Qe8 35. Nxe6+ Kc8 36. Rxe8# 1-0

[Event "ODJM A 2016"]
[Site "Willingen GER"]
[Date "2016.05.21"]
[Round "9"]
[White "Dietz, Florian"]
[Black "Steffens, Oliver"]
[Result "1-0"]
[Termination "normal"]
[Board "26"]
[WhiteElo "1803"]
[BlackElo "1814"]
[PlyCount "117"]
[WhiteFideId "12939897"]
[BlackFideId "12947148"]
[EventCountry "GER"]
[EventRounds "9"]
[EventType "swiss"]
[EventDate "2016.05.14"]

1. e4 c5 2. Nf3 Nc6 3. d4 cxd4 4. Nxd4 Nf6 5. Nc3 e5 6. Ndb5 d6 7. Bg5 a6 8.
Na3 b5 9. Nd5 Be7 10. Bxf6 Bxf6 11. c3 Bg5 12. Nc2 Be6 13. Nce3 O-O 14. Bd3 Ne7
15. O-O Kh8 16. Qh5 Bxe3 17. Nxe3 g6 18. Qg5 f5 19. f3 d5 20. Rad1 d4 21. cxd4
exd4 22. Nc2 Nc6 23. Qg3 f4 24. Qf2 Qb6 25. b3 Rad8 26. Rd2 Rd7 27. Rfd1 Rfd8
28. Qh4 Rf8 29. Kh1 Qc5 30. Bf1 a5 31. Qh6 Kg8 32. Ne1 Qb6 33. Qg5 Na7 34. Nc2
Rfd8 35. Qxf4 Bf7 36. Qe5 b4 37. Ne3 Nc6 38. Qg5 dxe3 39. Rxd7 Rxd7 40. Rxd7 e2
41. Bxe2 Qf2 42. Qd2 Ne5 43. Rd8+ Kg7 44. h3 Qg3 45. Ra8 Be6 46. Ra7+ Nf7 47.
Bc4 Qe5 48. Bxe6 Qxe6 49. Qd7 Qf6 50. Qxf7+ Qxf7 51. Rxf7+ Kxf7 52. Kg1 Ke6 53.
Kf2 Kd6 54. Ke3 Kc5 55. e5 Kd5 56. f4 g5 57. g3 h6 58. h4 g4 59. h5 1-0

[Event "ODJM A 2016"]
[Site "Willingen GER"]
[Date "2016.05.21"]
[Round "9"]
[White "Lutter, Maximilian"]
[Black "Wissing, Philipp"]
[Result "1/2-1/2"]
[Termination "normal"]
[Board "27"]
[WhiteElo "1896"]
[BlackElo "1583"]
[PlyCount "40"]
[WhiteFideId "12934402"]
[BlackFideId "12993654"]
[EventCountry "GER"]
[EventRounds "9"]
[EventType "swiss"]
[EventDate "2016.05.14"]

1. d4 d5 2. Nc3 Nf6 3. Bf4 c6 4. e3 Bf5 5. f3 e6 6. Bd3 Bg6 7. Nge2 c5 8. O-O
a6 9. dxc5 Bxc5 10. Kh1 O-O 11. Bg5 Nbd7 12. Bxg6 hxg6 13. e4 dxe4 14. Nxe4 Be7
15. Nxf6+ Bxf6 16. Bxf6 Nxf6 17. Qd4 Qxd4 18. Nxd4 Rfd8 19. Rfd1 Rd7 20. Nb3
Rad8 1/2-1/2

[Event "ODJM A 2016"]
[Site "Willingen GER"]
[Date "2016.05.21"]
[Round "9"]
[White "Schilay, Lorenz"]
[Black "Niesel, Tobias"]
[Result "1-0"]
[Termination "normal"]
[Board "29"]
[WhiteElo "1762"]
[BlackElo "1973"]
[PlyCount "114"]
[WhiteFideId "12930180"]
[BlackFideId "12962155"]
[EventCountry "GER"]
[EventRounds "9"]
[EventType "swiss"]
[EventDate "2016.05.14"]

1. e4 c6 2. Nf3 g6 3. d4 d5 4. exd5 cxd5 5. Ne5 Nf6 6. Bb5+ Bd7 7. Nxd7 Nbxd7
8. O-O Bg7 9. Nc3 O-O 10. Re1 a6 11. Bd3 Re8 12. Bf4 Qb6 13. Qf3 e6 14. Ne2
Rad8 15. b3 e5 16. dxe5 Nxe5 17. Bxe5 Rxe5 18. Nf4 Qd4 19. Rad1 Bh6 20. Rxe5
Qxe5 21. Ne2 Re8 22. Ng3 Bf8 23. Rd2 Bc5 24. c4 h5 25. h3 Qg5 26. Re2 Rxe2 27.
Bxe2 h4 28. Nf1 Ne4 29. Ne3 f5 30. Bd3 f4 31. Ng4 Kg7 32. Bxe4 dxe4 33. Qxe4 b6
34. Qe5+ Qxe5 35. Nxe5 g5 36. Kf1 Bd6 37. Nd3 Kf6 38. Ke2 a5 39. f3 Ke6 40. Nf2
Be7 41. Kd3 Bd6 42. Ne4 Be7 43. Nc3 Kd6 44. Nd5 Bd8 45. Kd4 Kc6 46. a3 Kd6 47.
b4 axb4 48. axb4 Kc6 49. c5 bxc5+ 50. bxc5 Ba5 51. Kc4 Be1 52. Nb4+ Kd7 53. Kb5
Bf2 54. c6+ Kd6 55. Nd5 Bd4 56. c7 Kd7 57. Ka6 Kc8 1-0

[Event "ODJM A 2016"]
[Site "Willingen GER"]
[Date "2016.05.21"]
[Round "9"]
[White "Lüßmann, Thomas"]
[Black "Fuhrmann, Äke"]
[Result "1-0"]
[Termination "normal"]
[Board "30"]
[WhiteElo "1915"]
[BlackElo "1654"]
[PlyCount "41"]
[WhiteFideId "1270602"]
[BlackFideId "12983853"]
[EventCountry "GER"]
[EventRounds "9"]
[EventType "swiss"]
[EventDate "2016.05.14"]

1. d4 Nf6 2. c4 g6 3. Nc3 Bg7 4. e4 d6 5. f3 O-O 6. Be3 c5 7. Nge2 Nc6 8. d5
Ne5 9. Nc1 e6 10. Be2 exd5 11. cxd5 a6 12. a4 Re8 13. Qd2 Rb8 14. O-O Qc7 15.
N1a2 c4 16. Nb4 b5 17. axb5 axb5 18. Ra7 Rb7 19. Nxb5 Qb8 20. Na6 Qxa7 21. Nxa7
1-0